| 000 | 00594cam a2200229 4500 | ||
|---|---|---|---|
| 001 | M1021 | ||
| 008 | 090401t1992 xxu||||| |||| 00| 0 eng d | ||
| 035 | _a(Sirsi) u29458 | ||
| 041 | _aeng | ||
| 050 | _a333.33 | ||
| 110 |
_aICC Financial Surveys Limited _92962 |
||
| 245 | _aEstate Agents. | ||
| 250 | _a4th ed. | ||
| 260 |
_aHampton,Middx. _bICC Financial Surveys Limited _c1992 |
||
| 300 | _a58p. ; 30cm. | ||
| 350 | _a185 | ||
| 650 | _aCOMPANIES | ||
| 650 | _aESTATE AGENCY | ||
| 690 | _aMANAGEMENT-BUSINESS MANAGEMENT-PROFESSIONAL PRACTICE | ||
| 942 | _n0 | ||
| 948 | _c04/03/1997 | ||
| 999 |
_c89423 _d89423 |
||